000 00679nam a2200229 i 4500
001 54740
003 ES-MaACL
005 20250111062529.0
007 t|
008 040113s2002 sp ||||0| spa d
020 _a84-339-6834-3
040 _aM-BN
_bspa
_cM-BN
080 _a821.134.2-31"19"
100 0 _aMolina Foix, Vicente,
_d1946-
_9235020
245 1 3 _aEl vampiro de la calle Méjico /
_cVicente Molina Foix.
260 _aBarcelona :
_bAnagrama,
_c[2002]
300 _a324 p ;
_c22 cm.
490 1 _aNarrativas hispánicas ;
_v333
830 0 0 _aNarrativas hispánicas (Anagrama)
_v333
_9178124
852 _aES-MaACL
_jL-26816
_bR.132420
999 _c54740
_d54740